Giáo trình lý thuyết và bài tập Pascal

Gardado en:
Detalles Bibliográficos
Autor Principal: Nguyễn Đình Tê
Formato: Libro
Idioma:Undetermined
Publicado: Hà Nội Lao động Xã hội 2004
Những chủ đề:
Các nhãn: Engadir etiqueta
Sen Etiquetas, Sexa o primeiro en etiquetar este rexistro!
Thư viện lưu trữ: Trung tâm Học liệu Trường Đại học Cần Thơ
LEADER 00563nam a2200181Ia 4500
001 CTU_79777
008 210402s9999 xx 000 0 und d
082 |a 005.133 
082 |b T250/T.1 
100 |a Nguyễn Đình Tê 
245 0 |a Giáo trình lý thuyết và bài tập Pascal 
245 0 |c Nguyễn Đình Tê 
260 |a Hà Nội 
260 |b Lao động Xã hội 
260 |c 2004 
650 |a Pascal ( computer program language ) 
904 |i Mai Loan,Hải 
980 |a Trung tâm Học liệu Trường Đại học Cần Thơ